000 00647nam a2200229Ia 4500
003 OSt
005 20221007065352.0
006 a|||||r|||| 00| 0
007 ta
008 221006b |||||||| |||| 00| 0 eng d
024 _a24,161
037 _cReference Collections
040 _aFLL
_cFLL
_beng
041 _2eng
_aeng
082 _aV1:2:(Z), P7
100 _aTorre Massimo La
_9686899
245 0 _aConstitutionalism and legal reasoning
260 _aDordrecht
_bSpringer Netherland
_c2007
300 _axiv,185p
_ccm.
942 _hV1:2:(Z), P7
_cREF
_2CC
999 _c1137120
_d1137120